000
00295nam a22001337a 4500
008
170830b xxu||||| |||| 00| 0 eng d
020
_a
9780199859931
041
_a
eng
080
_2
3 ED
_a
070
100
_a
39
101
_a
MED
245
_a
CONVERNING MEDIA
_c
PAVLIK.J.V
942
_2
udc
_c
BK
999
_c
25556
_d
25556